000 01759nam0a2200349 i 4500
001 RU\NLR\BIBL_A\010005104
005 20260607064907.0
010 _a9785446801565
_92000
021 _aRU
_b2013-78755
_95429
035 _a(NILC)RuMoRGB-006677496
035 _a(NLR Aleph) 010005104
090 _a9820095
_c9820095
100 _a20131118d2013 u y0rusy50 ca
101 0 _arus
102 _aRU
105 _ay|||j|||000yy
200 1 _aОрганизация и технология коммерческой деятельности
_eучебное пособие для использования в учебном процессе образовательных учреждений, реализующих программы среднего профессионального образования
_fГ. Г. Иванов
205 _a4-е изд., стер.
210 _aМосква
_cАкадемия
_d2013
215 _a268, [1] с.
_d22
225 1 _aСреднее профессиональное образование
_iЭкономика и управление
225 1 _aСоответствует ФГОС
320 _aБиблиогр.: с. 264-265
606 1 _aКоммерческая деятельность
_jУчебные издания для среднего профессионального образования
_xОрганизация
_92083790
_3RU\NLR\AUTH\661259863
686 1 _aУ42(2)1-803я723
700 1 _8rus
_7ca
_aИванов
_bГ. Г.
_cд-р экон. наук
_gГеннадий Геннадьевич
_3RU\NLR\AUTH\7726820
_99858
801 0 _aRU
_bRuMoRKP
_c20110510
_gRCR
801 2 _aRU
_bРГБ
_c20131014
_grcr
942 _cBOOK
980 _aNBR